000 00889nam a2200253Ia 4500
003 OSt
005 20221005133642.0
006 a|||||r|||| 00| 0
007 ta
008 221004b |||||||| |||| 00| 0 hin d
024 _a33025
037 _cTextual
040 _aCRL
_cCRL
_bhin
041 _2hin
_ahin
082 _aNR44, 152K3
100 _aशर्मा, प्रेमलता, संपा.
245 0 _aसंगीतराजः - नृपतिकुम्भकर्णप्रणीतः प्रथम खण्डः
246 _aSangītarājah - nṛupatikumbhakarṇapraṇītah pratham khaṇḍah
260 _c1963
300 _a801पृ.
_ccm.
650 _aभारतीय संगीत
942 _hNR44, 152K3
_cTEXL
_2cc
999 _c1067447
_d1067447